| 000 | 00434nam a22001337a 4500 | ||
|---|---|---|---|
| 082 |
_a384.041 _bBIS _cD |
||
| 100 |
_aBishop, Veronique _938352 |
||
| 245 |
_aExploiting new market opportunities in telecommunication _bLessons for developing countries _cVeronique Bishop |
||
| 260 |
_aAmerica _bThe World bank _cJuly 1995. |
||
| 300 | _avi, p 23. : | ||
| 526 |
_a0 _b0 _c0 _d384_041000000000000_BIS |
||
| 650 |
_aMCE _9379 |
||
| 942 |
_2ddc _cBK |
||
| 999 |
_c542962 _d542962 |
||